عرض عادي
عرض مارك
- Induction (Logic)
دخول Topical Term
001 - CONTROL NUMBER
- control field: 11528
003 - CONTROL NUMBER IDENTIFIER
- control field: AE-AdECS
005 - DATE AND TIME OF LATEST TRANSACTION
- control field: 20250129081354.0
008 - FIXED-LENGTH DATA ELEMENTS
- fixed length control field: 250129|| aca||aabn | a|a d
040 ## - CATALOGING SOURCE
- Original cataloging agency: AE-AdECS
- Transcribing agency: AE-AdECS
150 ## - HEADING--TOPICAL TERM
- Topical term or geographic name entry element: Induction (Logic)
670 ## - SOURCE DATA FOUND
- Source citation: Work cat.: (AE-AdECS)289098: Ragin, Charles C., author 11526, Analytic induction for social research /
